Popolazione dei Paesi - Nord o Sud? - Statistics

Statistiche generali
  • Questo quiz è stato fatto 3.466 volte
  • Il punteggio medio è 11 su 15
Statistiche sulle risposte
Domanda Risposta % Corretto
Egitto Nord
89%
Australia Sud
83%
Svezia Sud
82%
Canada Sud
81%
Regno Unito Sud
81%
Venezuela Nord
75%
Nigeria Sud
70%
Svizzera Nord
66%
Taiwan Nord
65%
Brasile Sud
65%
Giappone Sud
65%
Nuova Zelanda Nord
64%
Emirati Arabi Uniti Nord
64%
Nepal Sud
64%
Uganda Sud
57%
Nessun quiz corrispondente trovato
Distribuzione punteggi
Percentuale di utenti per punteggio
Percentile per numero di risposta
I tuoi punteggi nel tempo
Non hai fatto questo quiz